MARC details
| 000 -CABECERA |
| campo de control de longitud fija |
01041nam a2200253 a 4500 |
| 005 - FECHA Y HORA DE LA ÚLTIMA TRANSACCIÓN |
| campo de control |
20230608063603.0 |
| 008 - ELEMENTOS DE LONGITUD FIJA--INFORMACIÓN GENERAL |
| campo de control de longitud fija |
991125s1972 mx 000 0 spa u |
| 035 ## - NÚMERO DE CONTROL DEL SISTEMA |
| Número de control de sistema |
UPN01000008024 |
| 049 ## - COLECCIÓN |
| Colección |
LTG |
| 050 #4 - SIGNATURA TOPOGRÁFICA DE LA BIBLIOTECA DEL CONGRESO |
| Número de clasificación |
LB1584 M6.2 |
| Número de documento/Ítem |
1972 |
| 100 1# - ASIENTO PRINCIPAL--NOMBRE PERSONAL |
| Nombre de persona |
Vázquez, Josefina Zoraida |
| 9 (RLIN) |
29473 |
| 245 10 - MENCIÓN DE TÍTULO |
| Título |
Ciencias sociales : |
| Resto del título |
segundo grado / |
| Mención de responsabilidad, etc. |
Josefina Vázquez de Knauth, José Luis Reyna, Manuel Villa |
| 260 ## - PUBLICACIÓN, DISTRIBUCIÓN, ETC. |
| Lugar de publicación, distribución, etc. |
México : |
| Nombre del editor, distribuidor, etc. |
SEP, Comisión Nacional de los Libros de Texto Gratuitos, |
| Fecha de publicación, distribución, etc. |
1972 |
| 300 ## - DESCRIPCIÓN FÍSICA |
| Extensión |
126 p. : |
| Otras características físicas |
il. col. |
| 500 ## - NOTA GENERAL |
| Nota general |
Con: Ciencias sociales : segundo grado : auxiliar didáctico / Josefina Vázquez de Knauth, José Luis Reyna, Manuel Villa |
| 500 ## - NOTA GENERAL |
| Nota general |
"Año de Juárez" |
| 500 ## - NOTA GENERAL |
| Nota general |
Libro de texto gratuito |
| 650 #4 - ASIENTO SECUNDARIO DE MATERIA - TERMINO TEMATICO |
| Término de materia o nombre geográfico como elemento de entrada |
Ciencias sociales |
| Subdivisión general |
Estudio y enseñanza (Elemental) |
| 9 (RLIN) |
2813 |
| 700 1# - ASIENTO SECUNDARIO--NOMBRE DE PERSONAL |
| Nombre de persona |
Reyna Pérez, José Luis, |
| Fechas asociadas al nombre |
1941- |
| Término indicativo de función/relación |
coaut. |
| 9 (RLIN) |
34318 |
| 700 1# - ASIENTO SECUNDARIO--NOMBRE DE PERSONAL |
| Nombre de persona |
Villa, Manuel, |
| Término indicativo de función/relación |
coaut. |
| 9 (RLIN) |
29624 |
| 710 2# - ASIENTO SECUNDARIO - NOMBRE CORPORATIVO |
| Nombre de entidad corporativa o nombre de jurisdicción como elemento de entrada |
Comisión Nacional de los Libros de Texto Gratuitos (México) |
| 9 (RLIN) |
28140 |
| 904 ## - ELEMENTOS DE DATOS D LOCAL, LDD (RLIN) |
| a |
AC |
| b |
008024 |
| 905 ## - TIPO DE MATERIAL |
| Tipo de material |
Libro |